[Event "XIV Weekend A"]
[Site "Nichelino ITA"]
[Date "2013.10.04"]
[Round "1"]
[White "Nastro, Federico"]
[Black "Finocchiaro, Gianluca"]
[WhiteElo "1878"]
[BlackElo "2061"]
[Result "0-1"]
[PlyCount "110"]
[EventDate "2013.10.04"]

1. e4 Nc6 2. d4 d5 3. e5 Bf5 4. c3 Qd7 5. f4 a6 6. Nf3 e6 7. Be2 f6 8. O-O fxe5
9. fxe5 Be7 10. a4 Nh6 11. Qe1 Bg4 12. Na3 Nf5 13. Nc2 O-O 14. Ne3 Nxe3 15.
Bxe3 Na5 16. b4 Nc4 17. Bf2 b5 18. a5 Qe8 19. Bxc4 bxc4 20. Bh4 Bxf3 21. Bxe7
Qxe7 22. Rxf3 Rxf3 23. gxf3 Qg5+ 24. Kh1 c6 25. Qc1 Qf5 26. Qe3 Qh3 27. Qe2 Rf8
28. Rf1 g5 29. Qg2 Qf5 30. Kg1 Qf4 31. Qg4 Qe3+ 32. Kh1 Rf5 33. Qh5 Rf8 34. Qg4
Rf5 35. Qh5 Rf7 36. Qg4 Re7 37. f4 Qe4+ 38. Qg2 Rf7 39. Qxe4 dxe4 40. Rg1 Rxf4
41. Rxg5+ Kf7 42. Rg3 h5 43. h3 h4 44. Re3 Kg6 45. Kg2 Kf5 46. Kg1 Kg5 47. Kg2
Kf5 48. Kg1 Rf3 49. Rxf3+ exf3 50. Kf2 Ke4 51. d5 Kxd5 52. Kxf3 Kxe5 53. Kg4
Ke4 54. Kxh4 Kf4 55. Kh5 e5 0-1

[Event "XIV Weekend A"]
[Site "Nichelino ITA"]
[Date "2013.10.04"]
[Round "1"]
[White "Ravagnani, Tiziano"]
[Black "Dragojlovic, Andjelko"]
[WhiteElo "1972"]
[BlackElo "2342"]
[Result "0-1"]
[PlyCount "78"]
[EventDate "2013.10.04"]

1. e4 c5 2. Nf3 g6 3. d4 cxd4 4. Nxd4 Bg7 5. c4 Qb6 6. Nb5 a6 7. Be3 Qa5+ 8.
Bd2 Qd8 9. N5c3 d6 10. Be3 Nf6 11. Be2 O-O 12. O-O Nc6 13. f4 Be6 14. f5 Bd7
15. c5 dxc5 16. Bxc5 b5 17. Nd2 Rc8 18. fxg6 hxg6 19. Nf3 b4 20. Nd5 Nxd5 21.
exd5 Ne5 22. Bd4 Nxf3+ 23. Bxf3 Bxd4+ 24. Qxd4 Bb5 25. Rfc1 Qd6 26. Qe3 Kg7 27.
Rxc8 Rxc8 28. Re1 Rc7 29. h4 Qf6 30. h5 g5 31. Be2 Bxe2 32. Rxe2 Rc4 33. Rf2
Rf4 34. Rxf4 gxf4 35. Qf3 a5 36. Qg4+ Kh6 37. Kh2 Qe5 38. Kh3 Qxh5+ 39. Qxh5+
Kxh5 0-1

[Event "XIV Weekend A"]
[Site "Nichelino ITA"]
[Date "2013.10.04"]
[Round "1"]
[White "Yao, Stefano"]
[Black "Di Stefano, Marco T."]
[WhiteElo "2012"]
[BlackElo "1702"]
[Result "1-0"]
[PlyCount "43"]
[EventDate "2013.10.04"]

1. Nf3 b6 2. e4 Bb7 3. Nc3 e6 4. d4 Bb4 5. Bd3 Nf6 6. Qe2 d5 7. exd5 Nxd5 8.
Bd2 Nxc3 9. bxc3 Be7 10. O-O O-O 11. Bf4 Nd7 12. Rad1 Nf6 13. c4 Bd6 14. Ne5
Kh8 15. Bg5 Qe7 16. c3 c5 17. dxc5 Bxc5 18. Bxh7 Qc7 19. Bxf6 gxf6 20. Qh5 Rg8
21. Bxg8+ Kxg8 22. Rd7 1-0

[Event "XIV Weekend A"]
[Site "Nichelino ITA"]
[Date "2013.10.05"]
[Round "2"]
[White "Brandola, Davide"]
[Black "Nastro, Federico"]
[WhiteElo "1912"]
[BlackElo "1878"]
[Result "1-0"]
[PlyCount "73"]
[EventDate "2013.10.04"]

1. d4 Nf6 2. c4 c5 3. d5 e6 4. Nc3 exd5 5. cxd5 d6 6. Nf3 g6 7. g3 Bg7 8. Bg2
O-O 9. O-O Qe7 10. Re1 Nbd7 11. e4 a6 12. a4 Rb8 13. Bf4 Nh5 14. Bg5 f6 15. Be3
Ne5 16. Nxe5 fxe5 17. Qd2 b5 18. axb5 axb5 19. Rf1 b4 20. Ne2 Bd7 21. f4 Bb5
22. f5 gxf5 23. exf5 Nf6 24. h3 Qf7 25. Rf2 Bc4 26. g4 Rb6 27. Ng3 Nxd5 28. g5
Nxe3 29. Qxe3 Bd5 30. f6 Bxg2 31. Rxg2 Qg6 32. fxg7 Kxg7 33. Ra7+ Rf7 34. Rxf7+
Qxf7 35. Rf2 Qd5 36. Nh5+ Kg6 37. Rf6+ 1-0

[Event "XIV Weekend A"]
[Site "Nichelino ITA"]
[Date "2013.10.05"]
[Round "2"]
[White "Briata, Federico"]
[Black "Ravagnani, Tiziano"]
[WhiteElo "1891"]
[BlackElo "1972"]
[Result "1/2-1/2"]
[PlyCount "100"]
[EventDate "2013.10.04"]

1. e4 e5 2. Nf3 Nc6 3. d4 exd4 4. Nxd4 Bc5 5. Nxc6 Qf6 6. Qf3 dxc6 7. Nd2 Be6
8. Bd3 O-O-O 9. O-O Qh4 10. Qg3 Qxg3 11. hxg3 h5 12. Nb3 Bb6 13. Re1 Nh6 14.
Be3 Bxe3 15. Rxe3 Ng4 16. Ree1 h4 17. gxh4 Rxh4 18. f3 Ne5 19. Nc5 g5 20. Kf2
Rdh8 21. Nxe6 fxe6 22. Bf1 g4 23. Be2 gxf3 24. Bxf3 Rf8 25. Rh1 Rxe4 26. Rae1
Nxf3 27. gxf3 Rxe1 28. Rxe1 Kd7 29. Ke3 Rf5 30. f4 Ra5 31. a3 Rb5 32. Rd1+ Ke7
33. b3 Ra5 34. a4 b5 35. Rd4 c5 36. Re4 Kf6 37. axb5 Rxb5 38. Kd3 c6 39. Ra4 a5
40. Re4 Rb4 41. Re5 Rd4+ 42. Ke3 Rd5 43. Re4 e5 44. Ra4 Rd4 45. fxe5+ Kxe5 46.
Rxa5 Kd6 47. c3 Rh4 48. Ra8 Rh3+ 49. Kd2 Rh2+ 50. Kd3 Rh3+ 1/2-1/2

[Event "XIV Weekend A"]
[Site "Nichelino ITA"]
[Date "2013.10.05"]
[Round "2"]
[White "Cacinschi, Alexandru"]
[Black "Mrdja, Milan"]
[WhiteElo "2065"]
[BlackElo "2389"]
[Result "1-0"]
[PlyCount "65"]
[EventDate "2013.10.04"]

1. c4 e5 2. Nc3 Nc6 3. g3 Bb4 4. Nd5 Bc5 5. Bg2 Nge7 6. e3 Nxd5 7. cxd5 Ne7 8.
Ne2 c6 9. Qc2 d6 10. Nc3 Bb4 11. e4 O-O 12. a3 Bxc3 13. bxc3 cxd5 14. exd5 Bf5
15. d3 Qa5 16. Bd2 Qa6 17. c4 b5 18. c5 dxc5 19. Qxc5 Rfe8 20. O-O Rad8 21. Bb4
Bxd3 22. d6 Nc8 23. Bc6 Re6 24. Rfd1 e4 25. a4 Nxd6 26. axb5 Qc8 27. Rxa7 h6
28. Ra8 Qxa8 29. Bxa8 Rxa8 30. b6 Nc4 31. b7 Rb8 32. Rxd3 exd3 33. Qxc4 1-0

[Event "XIV Weekend A"]
[Site "Nichelino ITA"]
[Date "2013.10.05"]
[Round "2"]
[White "D'Ingiullo, Roberto"]
[Black "Boschetti, Claudio"]
[WhiteElo "2110"]
[BlackElo "2147"]
[Result "1-0"]
[PlyCount "61"]
[EventDate "2013.10.04"]

1. e4 e5 2. Nf3 Nc6 3. d4 exd4 4. Bc4 Nf6 5. e5 d5 6. Bb5 Ne4 7. Nxd4 Bd7 8.
Bxc6 bxc6 9. O-O Bc5 10. f3 Ng5 11. f4 Ne4 12. Nc3 O-O 13. Kh1 f5 14. Be3 Qe7
15. Qe1 Bb4 16. a3 Bc5 17. Nb3 Bb6 18. a4 a5 19. Nxe4 fxe4 20. Qc3 Bxe3 21.
Qxe3 Qb4 22. Qc5 Qb6 23. h3 Rfe8 24. Qc3 Bc8 25. f5 Ba6 26. Rf4 Qb4 27. f6 Rf8
28. Qg3 g6 29. e6 Qd6 30. f7+ Kh8 31. Qc3+ 1-0

[Event "XIV Weekend A"]
[Site "Nichelino ITA"]
[Date "2013.10.05"]
[Round "2"]
[White "Dragojlovic, Andjelko"]
[Black "Yao, Stefano"]
[WhiteElo "2342"]
[BlackElo "2012"]
[Result "1-0"]
[PlyCount "133"]
[EventDate "2013.10.04"]

1. e4 c5 2. g3 Nc6 3. Bg2 g6 4. Ne2 Bg7 5. O-O e6 6. d3 Nge7 7. c3 d5 8. Nd2 b6
9. f4 a5 10. e5 Ba6 11. Nf3 Qd7 12. g4 h5 13. h3 Bb7 14. Ng3 hxg4 15. hxg4
O-O-O 16. a3 f6 17. d4 Ba6 18. exf6 Bxf6 19. Re1 c4 20. Qe2 Bh4 21. Kf2 e5 22.
dxe5 Qxg4 23. Nxh4 Qxe2+ 24. Rxe2 Rxh4 25. Be3 d4 26. cxd4 Nxd4 27. Rd2 Ne6 28.
Rxd8+ Nxd8 29. Ne2 Bb7 30. Bxb7+ Kxb7 31. Rd1 Ndc6 32. Kg2 g5 33. fxg5 Nxe5 34.
Ng3 Kc6 35. Rd8 Nd5 36. Bd2 Nd3 37. Kf3 Ne5+ 38. Ke2 Rg4 39. Nf5 Rg2+ 40. Kd1
Rg1+ 41. Kc2 Nf3 42. g6 Nxd2 43. Kxd2 Rg2+ 44. Ke1 Rxg6 45. Rc8+ Kb7 46. Rxc4
Rf6 47. Ng3 Rf3 48. Ne4 Rb3 49. Nd6+ Ka7 50. Rc2 Nf4 51. Rc7+ Kb8 52. Rc8+ Ka7
53. Rf8 Ng2+ 54. Kd2 Rxb2+ 55. Kc3 Ra2 56. Rf7+ Ka8 57. Kb3 Rd2 58. Nc4 Rd3+
59. Ka4 Ne3 60. Nxb6+ Kb8 61. Kb5 Nd5 62. Kc4 Rxa3 63. Nxd5 Rh3 64. Kb5 Rh5 65.
Kb6 Rh6+ 66. Nf6 Rh8 67. Rb7+ 1-0

[Event "XIV Weekend A"]
[Site "Nichelino ITA"]
[Date "2013.10.05"]
[Round "2"]
[White "Finocchiaro, Gianluca"]
[Black "Damia, Angelo"]
[WhiteElo "2061"]
[BlackElo "2188"]
[Result "1/2-1/2"]
[PlyCount "95"]
[EventDate "2013.10.04"]

1. e4 c5 2. c3 e6 3. d4 d5 4. exd5 exd5 5. Nf3 c4 6. Be2 Nf6 7. O-O Be7 8. b3
cxb3 9. axb3 O-O 10. h3 Bf5 11. Be3 Nc6 12. c4 Nb4 13. Nc3 Bc2 14. Qd2 Bxb3 15.
c5 Bc4 16. Bxc4 dxc4 17. Ne5 b6 18. cxb6 axb6 19. Nxc4 Rc8 20. Ne5 Nbd5 21.
Nxd5 Nxd5 22. Rfc1 b5 23. Nc6 Qd6 24. Nxe7+ Qxe7 25. Rc5 Rxc5 26. dxc5 Nxe3 27.
Qxe3 Qxe3 28. fxe3 Rc8 29. Ra5 b4 30. Kf2 b3 31. Rb5 g6 32. Rxb3 Rxc5 33. Rb7
Kg7 34. Ra7 g5 35. Ra6 h5 36. Rd6 f6 37. e4 Rc2+ 38. Kf3 Rc3+ 39. Kf2 g4 40.
hxg4 hxg4 41. Rb6 Rc2+ 42. Kg3 Re2 43. Kxg4 Rxg2+ 44. Kf4 Re2 45. Rb5 Rf2+ 46.
Ke3 Rh2 47. Kf4 Kg6 48. Kf3 1/2-1/2

[Event "XIV Weekend A"]
[Site "Nichelino ITA"]
[Date "2013.10.05"]
[Round "2"]
[White "Gastaldello, Lorenzo"]
[Black "Manunta, Andrea"]
[WhiteElo "1970"]
[BlackElo "1912"]
[Result "1-0"]
[PlyCount "75"]
[EventDate "2013.10.04"]

1. c4 c5 2. Nc3 Nc6 3. g3 g6 4. Bg2 Bg7 5. Nf3 e5 6. O-O Nge7 7. d3 O-O 8. e3
d6 9. a3 Be6 10. Ng5 Bc8 11. Rb1 f6 12. Nf3 a5 13. Ne1 Be6 14. Qb3 Rb8 15. Nc2
f5 16. Rd1 Qc7 17. d4 cxd4 18. Nd5 Qd7 19. exd4 exd4 20. Bg5 Nc8 21. Re1 h6 22.
Bd2 N8a7 23. Nb6 Qf7 24. Rxe6 Kh8 25. Bd5 Ne7 26. Nd7 Nxd5 27. Nxf8 Nf6 28.
Nxg6+ Kg8 29. Nf4 Ne4 30. Bxa5 Be5 31. c5 Bxf4 32. gxf4 Kh7 33. Rxh6+ Kg8 34.
Qxf7+ Kxf7 35. Nxd4 Rg8+ 36. Kf1 dxc5 37. Nxf5 b6 38. Rxb6 1-0

[Event "XIV Weekend A"]
[Site "Nichelino ITA"]
[Date "2013.10.05"]
[Round "2"]
[White "Llupa, Oltjon"]
[Black "Melone, Antonio"]
[WhiteElo "1939"]
[BlackElo "2129"]
[Result "0-1"]
[PlyCount "78"]
[EventDate "2013.10.04"]

1. d4 Nf6 2. c4 c5 3. d5 e6 4. Nc3 exd5 5. cxd5 d6 6. e4 g6 7. f4 Bg7 8. Nf3
O-O 9. Be2 Bg4 10. O-O Nbd7 11. Re1 Ne8 12. h3 Bxf3 13. Bxf3 Rb8 14. a4 a6 15.
Qd3 Nc7 16. a5 Re8 17. Be3 b5 18. e5 dxe5 19. d6 Ne6 20. Nd5 exf4 21. Ne7+ Kh8
22. Nc6 Ne5 23. Nxd8 Nxd3 24. Nxf7+ Kg8 25. d7 Nxe1 26. dxe8=Q+ Rxe8 27. Bc6
Kxf7 28. Bxe8+ Kxe8 29. Bxc5 Nd3 30. Ba7 Nxb2 31. Re1 Kd7 32. Kf1 Nc4 33. Rd1+
Kc6 34. Re1 Kd5 35. Bb8 b4 36. Kf2 b3 37. Rd1+ Bd4+ 38. Kf3 b2 39. Ba7 Nd2+ 0-1

[Event "XIV Weekend A"]
[Site "Nichelino ITA"]
[Date "2013.10.05"]
[Round "3"]
[White "Boschetti, Claudio"]
[Black "Nastro, Federico"]
[WhiteElo "2147"]
[BlackElo "1878"]
[Result "1-0"]
[PlyCount "27"]
[EventDate "2013.10.04"]

1. e4 e5 2. Bc4 Bc5 3. c3 Nc6 4. Nf3 Qe7 5. d4 exd4 6. O-O Ne5 7. Nxe5 Qxe5 8.
cxd4 Qxd4 9. Qb3 Qf6 10. Nc3 Ne7 11. Be3 Bb6 12. Bxb6 axb6 13. e5 Qxe5 14. Rfe1
1-0

[Event "XIV Weekend A"]
[Site "Nichelino ITA"]
[Date "2013.10.05"]
[Round "3"]
[White "Damia, Angelo"]
[Black "D'Ingiullo, Roberto"]
[WhiteElo "2188"]
[BlackElo "2110"]
[Result "1-0"]
[PlyCount "91"]
[EventDate "2013.10.04"]

1. e4 c5 2. d4 cxd4 3. c3 g6 4. cxd4 d5 5. exd5 Nf6 6. Bc4 Bg7 7. Qb3 O-O 8.
Nf3 Nbd7 9. Bd2 Ne4 10. O-O Nxd2 11. Nbxd2 Nb6 12. Rfe1 Nxc4 13. Qxc4 Bf5 14.
Ne4 e5 15. dxe6 Bxe6 16. Qb4 Bd5 17. Ne5 Qh4 18. Nc3 Be6 19. Nf3 Qh5 20. Qxb7
Rab8 21. Qxa7 Rxb2 22. Rab1 Rc2 23. Rb5 Qh6 24. Ne4 Rxa2 25. Qc7 Bg4 26. Ned2
Bf6 27. h3 Bf5 28. Ne4 Bxe4 29. Rxe4 Ra1+ 30. Kh2 Bd8 31. Qc5 Qc1 32. Rb4 Qh1+
33. Kg3 f5 34. Qd5+ Kh8 35. Qd6 Kg8 36. Qe6+ Kh8 37. Qe5+ Kg8 38. Qd5+ Kh8 39.
Rb8 fxe4 40. Rxd8 Rxd8 41. Qxd8+ Kg7 42. Qe7+ Kh6 43. Qh4+ Kg7 44. Qe7+ Kh6 45.
Ne5 Qc1 46. Ng4+ 1-0

[Event "XIV Weekend A"]
[Site "Nichelino ITA"]
[Date "2013.10.05"]
[Round "3"]
[White "Di Stefano, Marco T."]
[Black "Gastaldello, Lorenzo"]
[WhiteElo "1702"]
[BlackElo "1970"]
[Result "0-1"]
[PlyCount "98"]
[EventDate "2013.10.04"]

1. e4 c6 2. Nf3 d5 3. Nc3 Bg4 4. h3 Bxf3 5. Qxf3 Nf6 6. d3 e6 7. g3 Be7 8. Bg2
O-O 9. h4 Na6 10. a3 Rc8 11. h5 Nc7 12. e5 Nd7 13. d4 c5 14. Qg4 cxd4 15. Bh6
g6 16. hxg6 fxg6 17. Bxf8 dxc3 18. Bxe7 cxb2 19. Rb1 Qxe7 20. Rxb2 b6 21. O-O
Nxe5 22. Qb4 Qxb4 23. axb4 Nc4 24. Ra2 a6 25. Re1 b5 26. c3 Rd8 27. Bh3 Rd6 28.
Rae2 Kf7 29. f3 Rc6 30. Kf2 Nb6 31. Re3 Na4 32. Rc1 d4 33. Rd3 Nxc3 34. Ke1 Rc4
35. Kd2 Rxb4 36. Ke1 Kf6 37. f4 a5 38. g4 h6 39. Bg2 a4 40. Ra1 Na6 41. Ra3
Rb1+ 42. Kf2 b4 43. Raxc3 bxc3 44. Rxd4 c2 45. Be4 c1=Q 46. g5+ hxg5 47. fxg5+
Qxg5 48. Bxb1 Qc5 49. Ke3 e5 0-1

[Event "XIV Weekend A"]
[Site "Nichelino ITA"]
[Date "2013.10.05"]
[Round "3"]
[White "Manunta, Andrea"]
[Black "Briata, Federico"]
[WhiteElo "1912"]
[BlackElo "1891"]
[Result "0-1"]
[PlyCount "100"]
[EventDate "2013.10.04"]

1. d4 Nf6 2. c4 g6 3. Nf3 Bg7 4. Nc3 d5 5. e3 O-O 6. Be2 c5 7. dxc5 dxc4 8. Bd2
Qc7 9. Bxc4 Qxc5 10. Qe2 Bg4 11. Rc1 Nc6 12. Nb1 Qh5 13. Bc3 Rfd8 14. h3 Ne4
15. Bxg7 Kxg7 16. O-O Bxf3 17. Qxf3 Qxf3 18. gxf3 Nd2 19. Nxd2 Rxd2 20. Rb1 Ne5
21. Bb3 Nxf3+ 22. Kg2 Nh4+ 23. Kg3 Nf5+ 24. Kf3 Rad8 25. Rfd1 Rxd1 26. Rxd1
Rxd1 27. Bxd1 Nd6 28. Bb3 e5 29. Bd5 f5 30. Kg3 Kf6 31. f3 g5 32. Bb3 b5 33.
Bd5 Nc4 34. b4 Nxe3 35. Bc6 Nc2 36. Bxb5 Nxb4 37. a4 Ke6 38. Kf2 h5 39. Ke2 h4
40. Ke3 Nd5+ 41. Kd2 Kd6 42. Kc2 Nf4 43. Bf1 Kc5 44. Kc3 a5 45. Kb3 Kd4 46. Kc2
e4 47. fxe4 fxe4 48. Kd2 e3+ 49. Kd1 Ke4 50. Ke1 e2 0-1

[Event "XIV Weekend A"]
[Site "Nichelino ITA"]
[Date "2013.10.05"]
[Round "3"]
[White "Melone, Antonio"]
[Black "Dragojlovic, Andjelko"]
[WhiteElo "2129"]
[BlackElo "2342"]
[Result "0-1"]
[PlyCount "66"]
[EventDate "2013.10.04"]

1. d4 g6 2. c4 Nf6 3. Nc3 d5 4. h4 c5 5. dxc5 d4 6. Nb5 e5 7. Nf3 Nc6 8. Bg5
Bxc5 9. e3 O-O 10. exd4 exd4 11. Bd3 a6 12. Nc7 Qxc7 13. Bxf6 Re8+ 14. Kf1 Qd6
15. Bg5 Nb4 16. Ne1 Be6 17. b3 b5 18. Qd2 Bg4 19. f3 Bd7 20. a3 Nxd3 21. Nxd3
Bxa3 22. Kf2 Bf5 23. Bf4 Qe7 24. g3 Qe3+ 25. Qxe3 dxe3+ 26. Ke2 Bxd3+ 27. Kxd3
Rad8+ 28. Ke2 Rd2+ 29. Ke1 Rb2 30. Rc1 Ra2 31. Rd1 Bb2 32. Rh2 e2 33. Rb1 Bc3+
0-1

[Event "XIV Weekend A"]
[Site "Nichelino ITA"]
[Date "2013.10.05"]
[Round "3"]
[White "Mrdja, Milan"]
[Black "Finocchiaro, Gianluca"]
[WhiteElo "2389"]
[BlackElo "2061"]
[Result "1-0"]
[PlyCount "77"]
[EventDate "2013.10.04"]

1. e4 d5 2. Nc3 dxe4 3. Nxe4 Qd5 4. Nc3 Qa5 5. Bc4 Nf6 6. h3 Bf5 7. d3 Nc6 8.
Nf3 e5 9. Bd2 O-O-O 10. O-O Qc5 11. Ng5 Bg6 12. Bxf7 Qe7 13. Bxg6 hxg6 14. Re1
Nd4 15. Nf3 Nxf3+ 16. Qxf3 Rh5 17. Ne4 Rf5 18. Qe3 Nxe4 19. dxe4 Rf4 20. Qe2
Rf7 21. Rad1 Qe6 22. Bg5 Rdd7 23. Rxd7 Rxd7 24. Rd1 Bd6 25. b3 c6 26. Qg4 Qxg4
27. hxg4 Bc5 28. Rxd7 Kxd7 29. Kf1 Ke6 30. Ke2 a6 31. f3 Kd6 32. g3 b5 33. Bd2
Bd4 34. f4 c5 35. f5 gxf5 36. gxf5 b4 37. g4 Bg1 38. Bc1 Bh2 39. Be3 1-0

[Event "XIV Weekend A"]
[Site "Nichelino ITA"]
[Date "2013.10.05"]
[Round "3"]
[White "Ravagnani, Tiziano"]
[Black "Brandola, Davide"]
[WhiteElo "1972"]
[BlackElo "1912"]
[Result "1-0"]
[PlyCount "53"]
[EventDate "2013.10.04"]

1. e4 a6 2. d4 b5 3. c4 Bb7 4. e5 e6 5. Nf3 c5 6. cxb5 cxd4 7. Nxd4 Bc5 8. Be3
Ne7 9. Nc3 Nd5 10. Nxd5 Bxd5 11. bxa6 Qa5+ 12. Bd2 Qb6 13. Bc3 Nc6 14. Nb5
Bxf2+ 15. Kd2 Be3+ 16. Kc2 O-O 17. Bd3 Rac8 18. Kb1 g6 19. Qg4 Na7 20. a4 Qxa6
21. h4 Bh6 22. h5 Bg7 23. hxg6 hxg6 24. Qh3 Rfd8 25. Nd6 Qb6 26. Qh7+ Kf8 27.
Rf1 1-0

[Event "XIV Weekend A"]
[Site "Nichelino ITA"]
[Date "2013.10.05"]
[Round "3"]
[White "Yao, Stefano"]
[Black "Llupa, Oltjon"]
[WhiteElo "2012"]
[BlackElo "1939"]
[Result "1-0"]
[PlyCount "97"]
[EventDate "2013.10.04"]

1. Nf3 d5 2. d4 c6 3. c4 e6 4. Qc2 Nf6 5. g3 Nbd7 6. Bg2 Bd6 7. O-O O-O 8. Rd1
b6 9. cxd5 cxd5 10. Qc6 Qc7 11. Qxc7 Bxc7 12. Nc3 Ba6 13. Bf4 Rac8 14. Bf1 Bxf4
15. gxf4 Rc6 16. Ne5 Nxe5 17. dxe5 Nh5 18. e3 Bxf1 19. Kxf1 a6 20. Ke2 Rfc8 21.
Rg1 g6 22. Rad1 Ng7 23. f3 Nf5 24. Rd2 Rc4 25. Rgd1 Kg7 26. e4 d4 27. exf5 dxc3
28. f6+ Kh6 29. bxc3 Rxf4 30. Rd7 Rxc3 31. Rxf7 Rcxf3 32. Re7 Rh3 33. Rxe6
Rxh2+ 34. Ke3 Kg5 35. Rg1+ Kf5 36. Rxb6 Rh3+ 37. Kd2 Rh2+ 38. Kc1 Rhf2 39. f7
Kxe5 40. Rg5+ Kd4 41. Rb4+ Kc3 42. Rxf4 Rxf4 43. Rg3+ Kb4 44. Rg4 Rxg4 45.
f8=Q+ Kb5 46. Qb8+ Ka5 47. Qc7+ Kb4 48. Qb7+ Kc3 49. Qb3+ 1-0

[Event "XIV Weekend A"]
[Site "Nichelino ITA"]
[Date "2013.10.06"]
[Round "4"]
[White "Boschetti, Claudio"]
[Black "Di Stefano, Marco T."]
[WhiteElo "2147"]
[BlackElo "1702"]
[Result "1-0"]
[PlyCount "115"]
[EventDate "2013.10.04"]

1. e4 e5 2. Bc4 Nf6 3. d3 Nc6 4. c3 Na5 5. Bb5 a6 6. Ba4 b5 7. Bc2 Bb7 8. Nf3
Nc6 9. O-O Be7 10. a4 h5 11. Bb3 h4 12. Ng5 O-O 13. f4 d5 14. fxe5 Nxe5 15. d4
Ng6 16. e5 Ne4 17. Nxe4 dxe4 18. e6 Bd5 19. exf7+ Bxf7 20. Rxf7 Rxf7 21. Qg4
Qd6 22. axb5 Qf6 23. Bxf7+ Qxf7 24. Be3 Rf8 25. Nd2 axb5 26. Qxe4 Bd6 27. Rf1
Qe8 28. Qd5+ Kh7 29. Qh5+ Kg8 30. Rxf8+ Kxf8 31. Qf3+ Kg8 32. Qd5+ Kh7 33. Ne4
Kh8 34. Qf5 Kg8 35. Bd2 Kh8 36. Qh5+ Kg8 37. Qd5+ Kh8 38. g3 hxg3 39. hxg3 Ne7
40. Nxd6 cxd6 41. Qe6 Qf8 42. Qxd6 Qf3 43. Qxe7 Qxg3+ 44. Kf1 Qf3+ 45. Ke1 Qh1+
46. Ke2 Qg2+ 47. Kd1 Qf1+ 48. Qe1 Qd3 49. Qe2 Qb1+ 50. Bc1 Qf5 51. b3 Qd5 52.
Kc2 b4 53. Qh2+ Kg8 54. Qb8+ Kh7 55. Qxb4 Qe4+ 56. Kb2 Qe2+ 57. Ka3 Qd1 58. Bb2
1-0

[Event "XIV Weekend A"]
[Site "Nichelino ITA"]
[Date "2013.10.06"]
[Round "4"]
[White "Brandola, Davide"]
[Black "Llupa, Oltjon"]
[WhiteElo "1912"]
[BlackElo "1939"]
[Result "0-1"]
[PlyCount "106"]
[EventDate "2013.10.04"]

1. d4 d5 2. Nf3 e6 3. g3 Nf6 4. Bg2 c6 5. O-O Bd6 6. c4 Nbd7 7. Nc3 O-O 8. Qc2
b6 9. Re1 Bb7 10. e4 dxe4 11. Ng5 h6 12. Ngxe4 Nxe4 13. Nxe4 Bb4 14. Nc3 Nf6
15. Be3 Ng4 16. Rad1 Nxe3 17. Rxe3 Rc8 18. Ne2 Be7 19. Qb3 Qc7 20. Nc3 Bg5 21.
Ree1 Bf6 22. Ne4 Be7 23. Nc3 Bf6 24. Ne4 Be7 25. Nc3 Rfd8 26. d5 exd5 27. cxd5
Bf8 28. dxc6 Bxc6 29. Nd5 Qb7 30. Nf4 Bxg2 31. Nxg2 Bc5 32. Nf4 Rxd1 33. Qxd1
a5 34. Nd5 Kf8 35. Qd3 Re8 36. Rxe8+ Kxe8 37. Qf3 Qc6 38. Kg2 Kf8 39. h4 g6 40.
Ne3 Qxf3+ 41. Kxf3 h5 42. Ke4 Ke7 43. Kd5 f6 44. Ke4 Ke6 45. f3 f5+ 46. Kd3 Bd6
47. f4 Bc5 48. a4 Bb4 49. Nc2 Bc5 50. Ne3 Kd6 51. Nc4+ Kd5 52. Ne3+ Bxe3 53.
Kxe3 Kc4 0-1

[Event "XIV Weekend A"]
[Site "Nichelino ITA"]
[Date "2013.10.06"]
[Round "4"]
[White "Briata, Federico"]
[Black "Di Chiara, Mauro"]
[WhiteElo "1891"]
[BlackElo "2011"]
[Result "1/2-1/2"]
[PlyCount "54"]
[EventDate "2013.10.04"]

1. e4 g6 2. d4 Bg7 3. Nc3 c6 4. Nf3 d6 5. Be3 Nf6 6. Be2 O-O 7. a4 d5 8. exd5
cxd5 9. Qd2 Nc6 10. Ne5 Ne4 11. Nxc6 bxc6 12. Nxe4 dxe4 13. Qc3 Be6 14. Qc5 Qd6
15. Qxd6 exd6 16. Rb1 f5 17. Bf4 Bxd4 18. Bxd6 Rfd8 19. Bf4 Rd7 20. O-O Bf6 21.
Rfd1 Rad8 22. Be3 g5 23. Rxd7 Rxd7 24. Rd1 Rxd1+ 25. Bxd1 a6 26. Be2 f4 27. Bc5
Bc8 1/2-1/2

[Event "XIV Weekend A"]
[Site "Nichelino ITA"]
[Date "2013.10.06"]
[Round "4"]
[White "D'Ingiullo, Roberto"]
[Black "Cacinschi, Alexandru"]
[WhiteElo "2110"]
[BlackElo "2065"]
[Result "0-1"]
[PlyCount "102"]
[EventDate "2013.10.04"]

1. e4 g6 2. d4 Bg7 3. c3 c6 4. Bd3 d5 5. e5 Qb6 6. Ne2 Nh6 7. O-O Bf5 8. Bxh6
Bxh6 9. b3 Bxd3 10. Qxd3 e6 11. Na3 a6 12. c4 Qa5 13. b4 Qxb4 14. Rab1 Qe7 15.
c5 Qc7 16. Rb3 Nd7 17. Rfb1 Ra7 18. Qh3 Bg5 19. Qg4 Be7 20. Nf4 Nf8 21. Qe2 Nd7
22. Qb2 Bxc5 23. dxc5 Nxc5 24. Qd4 Nxb3 25. Qxa7 Na5 26. Nd3 O-O 27. Qb6 Rc8
28. Qxc7 Rxc7 29. Nc5 Kf8 30. f4 Ke8 31. Rb4 b5 32. Nxa6 Ra7 33. Nc5 Kd8 34.
Kf2 Kc7 35. Nc2 Nc4 36. a3 Nxa3 37. Nxa3 Rxa3 38. Rb3 Rxb3 39. Nxb3 Kb6 40. Ke3
c5 41. g4 c4 42. Nd4 Kc5 43. f5 gxf5 44. gxf5 exf5 45. Nxf5 b4 46. Nh6 d4+ 47.
Kd2 b3 48. Nxf7 c3+ 49. Kc1 d3 50. e6 b2+ 51. Kb1 d2 0-1

[Event "XIV Weekend A"]
[Site "Nichelino ITA"]
[Date "2013.10.06"]
[Round "4"]
[White "Dragojlovic, Andjelko"]
[Black "Damia, Angelo"]
[WhiteElo "2342"]
[BlackElo "2188"]
[Result "1/2-1/2"]
[PlyCount "96"]
[EventDate "2013.10.04"]

1. Nf3 Nf6 2. g3 d5 3. Bg2 c6 4. b3 Bg4 5. Bb2 Nbd7 6. h3 Bxf3 7. Bxf3 e5 8. d3
Bb4+ 9. c3 Ba5 10. Nd2 O-O 11. O-O Re8 12. e4 Nc5 13. Qe2 dxe4 14. Nxe4 Nfxe4
15. dxe4 Qd3 16. b4 Qxe2 17. Bxe2 Na4 18. bxa5 Nxb2 19. Rab1 Na4 20. Rxb7 Reb8
21. Rfb1 Rxb7 22. Rxb7 Nxc3 23. Bc4 Nxe4 24. Bxf7+ Kh8 25. Rc7 Ng5 26. Bc4 e4
27. Kg2 Nf3 28. Rxc6 Ne5 29. Rc7 Nxc4 30. Rxc4 Re8 31. Rc7 h6 32. Rxa7 e3 33.
fxe3 Rxe3 34. h4 h5 35. Rc7 Kh7 36. Rc5 Kh6 37. Rg5 Ra3 38. Rb5 Rxa2+ 39. Kf3
Rc2 40. Ke4 Rc4+ 41. Kd3 Rc1 42. Kd4 g6 43. Kd3 Kh7 44. Kd4 Kh6 45. Kd5 Rc3 46.
Kd6 Kh7 47. Ke5 Kh6 48. Kd4 Rc1 1/2-1/2

[Event "XIV Weekend A"]
[Site "Nichelino ITA"]
[Date "2013.10.06"]
[Round "4"]
[White "Finocchiaro, Gianluca"]
[Black "Ravagnani, Tiziano"]
[WhiteElo "2061"]
[BlackElo "1972"]
[Result "1-0"]
[PlyCount "65"]
[EventDate "2013.10.04"]

1. e4 e5 2. Nf3 Nc6 3. d4 exd4 4. Nxd4 Bc5 5. Be3 Nxd4 6. Bxd4 Bxd4 7. Qxd4 Qf6
8. e5 Qb6 9. Qxb6 axb6 10. Nc3 Ne7 11. Bc4 O-O 12. O-O Nc6 13. Rfe1 Nd4 14. Bb3
d6 15. exd6 cxd6 16. Nd5 Be6 17. Nxb6 Ra6 18. Nc4 Nxc2 19. Bxc2 Bxc4 20. Re7
Rxa2 21. Rxa2 Bxa2 22. Rxb7 Be6 23. Kf1 Re8 24. Bd3 g6 25. b4 Bb3 26. b5 d5 27.
b6 Kg7 28. Rc7 Re6 29. b7 Rb6 30. Ba6 Bc4+ 31. Bxc4 dxc4 32. Ke2 Rb2+ 33. Ke3
1-0

[Event "XIV Weekend A"]
[Site "Nichelino ITA"]
[Date "2013.10.06"]
[Round "4"]
[White "Gastaldello, Lorenzo"]
[Black "Melone, Antonio"]
[WhiteElo "1970"]
[BlackElo "2129"]
[Result "0-1"]
[PlyCount "42"]
[EventDate "2013.10.04"]

1. Nf3 Nf6 2. g3 g6 3. Bg2 Bg7 4. O-O O-O 5. d4 d6 6. c4 Nbd7 7. Nc3 e5 8. e4
exd4 9. Nxd4 Re8 10. Re1 c6 11. b3 a5 12. Bb2 Nc5 13. Qd2 Ng4 14. Rad1 Ne5 15.
Ba1 a4 16. Rb1 axb3 17. axb3 Ned3 18. Re3 Bxd4 19. Rxd3 Nxd3 20. Qxd3 Qf6 21.
Qc2 Rxa1 0-1

[Event "XIV Weekend A"]
[Site "Nichelino ITA"]
[Date "2013.10.06"]
[Round "4"]
[White "Nastro, Federico"]
[Black "Manunta, Andrea"]
[WhiteElo "1878"]
[BlackElo "1912"]
[Result "0-1"]
[PlyCount "60"]
[EventDate "2013.10.04"]

1. e4 e6 2. d4 d5 3. Nd2 Be7 4. c3 c5 5. e5 Nh6 6. dxc5 Bxc5 7. Nb3 Bb6 8. Nd4
Nc6 9. Ngf3 Nxd4 10. Nxd4 a6 11. Bxh6 gxh6 12. h4 Bxd4 13. Qxd4 Qe7 14. Qf4 Qf8
15. O-O-O Bd7 16. Qf6 Rg8 17. h5 Qg7 18. Qxg7 Rxg7 19. f3 Rc8 20. Kd2 Ba4 21.
b3 Bc6 22. Ke3 Rg5 23. Kd4 Ke7 24. g4 Rf8 25. Bg2 f6 26. Rhe1 fxe5+ 27. Ke3 e4
28. Rf1 exf3 29. Bxf3 e5 30. Rg1 d4+ 0-1